1701 1759 1633 1274 1747 1225 1668 1756 1510 1341 1076 1641 1881 1259 1058 1643 1643 1980 1925 1761 1407 1531 1699 1916 1292 1475 1836 1625 1488 1816 1137 1305 1861 1057 1538 1457 1805 1020 1274 1712 1192 1935 1302 1744 1444 1336 1018 1363 1927 1664 1239 1410 1108 1547 1365 1950 1446 1584 1444 1538 1888 1470 1515 1785 1253 1906 1570 1535 1745 1061 1341 1667 1896 1534 1579 1227 1946 1372 1530 1901 1606 1274 1120 1855 1892 1976 1928 1018 1894 1162 1625 1939 1086 1029 1467 1398 1736 1249 1482 BCNSPRNW ULIB Ver.6.0+V

เปลี่ยนเป็นภาษาไทย

Change to English
 แสดงรายละเอียดบรรณานุกรม
  กลับหน้าหลัก

Brief Record : Get Marc (ISO 2709) : E-mail record : QR code < ปิดหน้าต่าง
LEADER : 00000nam 2200000uu 4500
001    13399126429
003     ULIB
008    180916s2561||||th 000 0 tha d
020    ^a9786167890593
060    ^aWS105^bน569ส
100    ^aนิดา ลิ้มสุวรรณ
245    ^aสมาธิสั้น...แต่ฉัน OK
250    ^aพิมพ์ครั้งที่ 1
260    ^aกรุงเทพฯ :^bพราว,^c2561
300    ^a119 หน้า;^b15 ซม.
650    ^aสมาธิสั้น
945    ^p129^l0^i26631
999    ^aกัณชพร จุลอักษร
รายการนี้ยังไม่มีแท็ก
คุณยังไม่ได้ล็อกอิน คุณสามารถมีกิจกรรมร่วมกับเว็บไซต์ได้ แต่ต้องล็อกอินก่อน ::
  ล็อกอิน

รายการสื่อสารสนเทศ

ลำดับที่ ประเภท เลขเรียก/บาร์โค้ด สถานที่ สถานะ
1. วิทยาศาสตร์การแพทย์ และสุขภาพ
วิทยาศาสตร์การแพทย์ และสุขภาพ
WS105 น569ส ฉ.1 
  Barcode: 26631
ห้องสมุดวิทยาเขตนครสวรรค์
►หนังสือทั่วไป:l:General Books
บนชั้น

รายการใกล้เคียง
    ชื่อเรื่อง [สมาธิสั้น...แต่ฉัน OK]

    ผู้แต่ง [นิดา ลิ้มสุวรรณ]

    หัวเรื่อง [สมาธิสั้น]

BibComment


ยังไม่เคยถูกคอมเมนท์

คอมเมนท์ทรัพยากรรายการนี้
  คอมเมนท์: สมาธิสั้นแต่ฉัน OK


 Copyright 2026. Bcnsprnw @Library